00161nam a2200061Ia 4500008004100000100002300041245003500064120527s9999 xx 000 0 und d aMCLEAD Jr & SCHELL aManagement information systems